[Event "XXX C.to Italiano a squadre A2 spareggi"]
[Site "ITA"]
[Date "1998.05.10"]
[Round "2"]
[White "Bartolini, Tommaso"]
[Black "Ceschia, Ivano"]
[WhiteElo "2165"]
[BlackElo "2315"]
[Result "0-1"]
[PlyCount "110"]
[EventDate "1998.05.03"]

1. d4 c5 2. c3 Nf6 3. Nf3 e6 4. Bg5 h6 5. Bh4 cxd4 6. cxd4 Qb6 7. Bxf6 gxf6 8.
Qd2 Nc6 9. Nc3 d5 10. g3 f5 11. e3 Bd7 12. Bb5 O-O-O 13. O-O Kb8 14. Qe2 Bd6
15. Rfc1 a6 16. Bd3 Nb4 17. Bb1 Rc8 18. a3 Nc6 19. b4 Na7 20. Bd3 Rc7 21. Rc2
Rhc8 22. Rac1 a5 23. b5 Bxa3 24. Na4 Rxc2 25. Nxb6 Rxc1+ 26. Kg2 Rd8 27. Nxd7+
Rxd7 28. Ne5 Re7 29. Qd2 b6 30. Bc2 Rc7 31. Ba4 Bb4 32. Qe2 Ra1 33. Bb3 Re1 34.
Qh5 Nxb5 35. Qxh6 Rb1 36. Ba4 Nc3 37. Bc6 Bd6 38. Qh8+ Rc8 39. Qg7 Bxe5 40.
Qxe5+ Ka7 41. Bd7 Rc4 42. Qg7 Rc7 43. Qxf7 Ne4 44. Qxe6 Rb2 45. Qe7 Rxf2+ 46.
Kh3 Rfc2 47. g4 f4 48. g5 fxe3 49. g6 e2 50. g7 e1=Q 51. g8=Q Nf2+ 52. Kg2 Qxe7
53. Ba4 Qg7+ 54. Qxg7 Rxg7+ 55. Kf3 Ra2 0-1

[Event "XXX C.to Italiano a squadre A2 spareggi"]
[Site "ITA"]
[Date "1998.05.10"]
[Round "2"]
[White "Del Dotto, Riccardo"]
[Black "Pagnutti, Lorenzo"]
[WhiteElo "2175"]
[BlackElo "1964"]
[Result "0-1"]
[PlyCount "62"]
[EventDate "1998.05.03"]

1. e4 e5 2. d4 exd4 3. Qxd4 Nc6 4. Qe3 Nf6 5. Nc3 Bb4 6. Bd2 O-O 7. O-O-O d6 8.
Qg3 Bxc3 9. Bxc3 Qe7 10. Nh3 Ne5 11. f3 Rb8 12. Nf4 c6 13. Qg5 Re8 14. h4 b5
15. h5 h6 16. Qg3 b4 17. Bd2 Kh8 18. Nd3 a5 19. Nxe5 dxe5 20. Qf2 Nh7 21. Be3
f6 22. Bc4 Be6 23. Qe2 Red8 24. Rxd8+ Rxd8 25. Rd1 Rxd1+ 26. Kxd1 Nf8 27. b3 c5
28. Qd3 Qc7 29. Bd5 Qd6 30. Ke2 Bc8 31. Qb5 Ba6 0-1

[Event "XXX C.to Italiano a squadre A2 spareggi"]
[Site "ITA"]
[Date "1998.05.10"]
[Round "2"]
[White "Gregoratti, Ivaldi"]
[Black "Mola, Pietro"]
[WhiteElo "1993"]
[BlackElo "2205"]
[Result "1/2-1/2"]
[PlyCount "147"]
[EventDate "1998.05.03"]

1. e4 e5 2. Nf3 Nf6 3. Nc3 Bb4 4. Bc4 Bxc3 5. dxc3 d6 6. Qd3 O-O 7. Bg5 Nbd7 8.
O-O-O Nc5 9. Qe3 Qe7 10. Nh4 Be6 11. Nf5 Bxf5 12. exf5 Rfe8 13. h4 c6 14. Rh3
Kh8 15. Be2 Ncd7 16. Rg3 Qf8 17. h5 h6 18. Bh4 d5 19. Rh3 Qc5 20. g4 Qxe3+ 21.
fxe3 b5 22. g5 Ne4 23. Rg1 Kh7 24. Bd3 Nxg5 25. Bxg5 hxg5 26. Rxg5 e4 27. Be2
Nf6 28. Kd2 Rad8 29. Ke1 Rd6 30. Kf2 Re5 31. Kg3 Ng8 32. Kf4 f6 33. Rg6 Ne7 34.
Rg5 Ng8 35. Rhg3 Rd7 36. Rg6 Nh6 37. Bg4 Ree7 38. Be2 a6 39. Rg1 Re5 40. Bg4
Ree7 41. Bh3 c5 42. Rd1 Nf7 43. Bg4 Ne5 44. h6 Nxg6+ 45. fxg6+ Kxg6 46. Bxd7
Rxd7 47. hxg7 Kxg7 48. Kf5 Kf7 49. Rh1 Re7 50. Rh7+ Ke8 51. Rh8+ Kd7 52. Ra8 d4
53. cxd4 cxd4 54. Ra7+ Ke8 55. Rxe7+ Kxe7 56. Kxe4 dxe3 57. Kxe3 Kd6 58. c3 Kd5
59. b3 a5 60. Kf4 Ke6 61. Ke4 f5+ 62. Kf4 Kf6 63. c4 bxc4 64. bxc4 Ke6 65. c5
Kd5 66. Kxf5 Kxc5 67. Ke5 a4 68. Ke4 Kc4 69. Ke3 Kc3 70. Ke2 Kc2 71. Ke1 a3 72.
Ke2 Kc1 73. Ke1 Kb1 74. Kd1 1/2-1/2

[Event "XXX C.to Italiano a squadre A2 spareggi"]
[Site "ITA"]
[Date "1998.05.10"]
[Round "2"]
[White "Mussoni, Marcello"]
[Black "Citti, Gianluca"]
[WhiteElo "2240"]
[BlackElo "1959"]
[Result "1/2-1/2"]
[PlyCount "82"]
[EventDate "1998.05.03"]

1. d4 Nf6 2. Nf3 c5 3. e3 d5 4. c4 cxd4 5. exd4 e6 6. Nc3 Nc6 7. Bd3 dxc4 8.
Bxc4 Bb4 9. O-O O-O 10. Bg5 Be7 11. a3 b6 12. Qd3 Bb7 13. Rfd1 Nd5 14. Bd2 Bf6
15. Nxd5 exd5 16. Ba2 g6 17. Bh6 Re8 18. Re1 Rxe1+ 19. Rxe1 Ne7 20. Bf4 Nf5 21.
Be5 Nd6 22. Nd2 Bg7 23. h3 h5 24. Nf3 Rc8 25. Bxg7 Kxg7 26. Ne5 Qf6 27. Bb3 Ne4
28. Qe3 Qg5 29. Qf3 f6 30. Nd3 Nd2 31. Re7+ Kf8 32. Qe2 Nf3+ 33. Kf1 Nxd4 34.
Qe1 Ba6 35. Qb4 Bxd3+ 36. Kg1 Rc1+ 37. Re1+ Kf7 38. Qe7+ Kg8 39. Qe8+ Kg7 40.
Qe7+ Kg8 41. Qe8+ Kg7 1/2-1/2

[Event "VI Festival A"]
[Site "Belpasso ITA"]
[Date "1998.02.21"]
[Round "?"]
[White "Alaimo, Riccardo"]
[Black "Fabiano, Giuseppe"]
[Result "0-1"]
[WhiteElo "2080"]
[BlackElo "2230"]
[PlyCount "42"]
[EventDate "1998.02.14"]

1. e4 e6 2. Nc3 d5 3. d4 Bb4 4. e5 Ne7 5. Qg4 c5 6. a3 Qa5 7. axb4 Qxa1 8. Kd1
cxd4 9. Nb5 O-O 10. Nc7 Bd7 11. Nxa8 Na6 12. Bxa6 Qxa6 13. Bg5 Qf1+ 14. Kd2 Ng6
15. f4 Rxa8 16. h4 h5 17. Qf3 Qb1 18. g4 Rc8 19. Qb3 Qa1 20. Qa3 Rxc2+ 21. Kd3
Qd1# 0-1

[Event "VI Festival A"]
[Site "Belpasso ITA"]
[Date "1998.02.21"]
[Round "?"]
[White "Culle', Salvatore"]
[Black "Fabiano, Giuseppe"]
[Result "0-1"]
[WhiteElo "1783"]
[BlackElo "2230"]
[PlyCount "56"]
[EventDate "1998.02.14"]

1. e4 e5 2. Nf3 Nf6 3. d4 Nxe4 4. Bd3 d5 5. Nxe5 Nd7 6. Qe2 Qe7 7. Bxe4 dxe4 8.
Bf4 c5 9. Nxd7 Bxd7 10. dxc5 Qxc5 11. Qxe4+ Be7 12. Nc3 Bc6 13. Qe2 O-O-O 14.
O-O Rhe8 15. Be3 Qf5 16. Qc4 Bd6 17. h3 Re6 18. Qg4 Qe5 19. g3 f5 20. Qd4 Qxd4
21. Bxd4 Rh6 22. Kh2 f4 23. Bxa7 g5 24. Ne2 g4 25. h4 fxg3+ 26. fxg3 Rxh4+ 27.
Kg1 Rh1+ 28. Kf2 Rh2+ 0-1

[Event "VI Festival A"]
[Site "Belpasso ITA"]
[Date "1998.02.21"]
[Round "?"]
[White "Fabiano, Giuseppe"]
[Black "Licciardello, Salvatore"]
[Result "1-0"]
[WhiteElo "2230"]
[BlackElo "1839"]
[PlyCount "55"]
[EventDate "1998.02.14"]

1. d4 f5 2. Bg5 Nf6 3. Nc3 g6 4. Qd3 Bg7 5. O-O-O d5 6. f3 Nc6 7. Nh3 Qd7 8.
Nf4 e6 9. e4 fxe4 10. fxe4 Ne7 11. h4 b6 12. g3 Bb7 13. Bxf6 Bxf6 14. Bh3 dxe4
15. Nxe4 Bg7 16. Bxe6 Qc6 17. d5 Qa4 18. Nc3 Qb4 19. a3 Qc5 20. Ne4 Qa5 21. d6
Ba6 22. Bc4 Bxc4 23. Qxc4 Nf5 24. Qc6+ Kf7 25. Ng5+ Kf6 26. dxc7+ Nd6 27. Qxd6+
Kf5 28. Qe6# 1-0

[Event "VI Festival A"]
[Site "Belpasso ITA"]
[Date "1998.02.22"]
[Round "?"]
[White "Fabiano, Giuseppe"]
[Black "Napoli Costa, Aurelio"]
[Result "1-0"]
[WhiteElo "2230"]
[BlackElo "1980"]
[PlyCount "57"]
[EventDate "1998.02.14"]

1. d4 Nf6 2. Nf3 g6 3. Bf4 Bg7 4. Nbd2 d5 5. e3 O-O 6. Be2 b6 7. O-O Bb7 8. c4
e6 9. Rc1 Nbd7 10. cxd5 Nxd5 11. Bg3 f5 12. Qb3 Rc8 13. Nc4 Qe8 14. Nce5 f4 15.
exf4 Nxf4 16. Bxf4 Rxf4 17. Bb5 Bxf3 18. Bxd7 Bd5 19. Qg3 Qf8 20. Bxc8 Qf5 21.
Rfe1 c5 22. Nc6 Bf6 23. Re5 Bxe5 24. Ne7+ Kf7 25. Nxf5 cxd4 26. Nxd4 Re4 27.
Qf3+ Ke7 28. Nxe6 Re1+ 29. Rxe1 1-0

[Event "VI Festival A"]
[Site "Belpasso ITA"]
[Date "1998.02.21"]
[Round "?"]
[White "Fabiano, Giuseppe"]
[Black "Sardo, Gabriele"]
[Result "1-0"]
[WhiteElo "2230"]
[BlackElo "1780"]
[PlyCount "53"]
[EventDate "1998.02.14"]

1. d4 d5 2. Nf3 Bg4 3. Ne5 Bf5 4. c4 e6 5. Nc3 c6 6. g4 Bg6 7. Qb3 Qb6 8. c5
Qxb3 9. axb3 Nd7 10. Nxd7 Kxd7 11. b4 Be7 12. Bf4 Nf6 13. f3 Bd8 14. e3 Bc7 15.
Kd2 Rhb8 16. b5 Ne8 17. Be2 f6 18. Ra3 Bxf4 19. exf4 cxb5 20. Bxb5+ Kc7 21. f5
exf5 22. Nxd5+ Kd8 23. Re1 Bf7 24. Rae3 Nc7 25. Nxc7 a6 26. Re7 axb5 27. Rxf7
1-0

[Event "VI Festival A"]
[Site "Belpasso ITA"]
[Date "1998.02.15"]
[Round "4"]
[White "Alaimo, Riccardo"]
[Black "Bonaccorsi, Fabrizio"]
[Result "1-0"]
[WhiteElo "2080"]
[BlackElo "2110"]
[PlyCount "45"]
[EventDate "1998.02.14"]

1. e4 e6 2. Nc3 d5 3. d4 Bb4 4. e5 Ne7 5. Qg4 c5 6. a3 Bxc3+ 7. bxc3 Kf8 8. h4
Qc7 9. Kd1 Nbc6 10. Nf3 Bd7 11. h5 h6 12. Bd3 c4 13. Be2 Nf5 14. a4 Qa5 15.
Ba3+ Kg8 16. Kd2 Kh7 17. Qf4 Raf8 18. Bxf8 Rxf8 19. g4 Nfe7 20. Nh4 f6 21. Ng6
Nxg6 22. hxg6+ Kxg6 23. g5 1-0

[Event "VI Festival A"]
[Site "Belpasso ITA"]
[Date "1998.02.21"]
[Round "6"]
[White "Licciardello, Salvatore"]
[Black "Alaimo, Riccardo"]
[Result "0-1"]
[WhiteElo "1839"]
[BlackElo "2080"]
[PlyCount "40"]
[EventDate "1998.02.14"]

1. e4 c5 2. Nf3 d6 3. Bb5+ Nd7 4. d4 Ngf6 5. Nc3 cxd4 6. Qxd4 e5 7. Qd3 h6 8.
Nd2 Be7 9. Nc4 O-O 10. Bxd7 Bxd7 11. Ne3 Rc8 12. g4 Bc6 13. Nf5 Re8 14. g5 hxg5
15. Bxg5 d5 16. O-O-O d4 17. Qg3 Nxe4 18. Nxe7+ Rxe7 19. Qh4 Nxg5 20. Qxg5 Bxh1
0-1

[Event "I Torneo Internazionale"]
[Site "Montecatini Terme ITA"]
[Date "1998.01.??"]
[Round "1"]
[White "Beggi, Pierluigi"]
[Black "Genocchio, Daniele"]
[Result "0-1"]
[WhiteElo "2205"]
[BlackElo "2155"]
[PlyCount "84"]
[EventDate "1998.01.24"]

1. d4 f5 2. c4 Nf6 3. Nc3 g6 4. Bg5 Bg7 5. g3 O-O 6. Bg2 d6 7. Nf3 Ne4 8. Be3
Nxc3 9. bxc3 c5 10. O-O Na6 11. Ng5 Qe8 12. Rb1 h6 13. Nh3 Rb8 14. Nf4 g5 15.
Nd3 b6 16. f4 g4 17. Bf2 Be6 18. d5 Bd7 19. Qd2 b5 20. cxb5 Bxb5 21. e4 Qd8 22.
exf5 Qa5 23. Rfc1 Bd7 24. Rxb8 Rxb8 25. Be4 Qa4 26. Qe2 c4 27. Qxg4 Kf8 28. Ne1
Qa3 29. Rd1 Qxc3 30. Nf3 Nc5 31. Bb1 Rb2 32. Nd4 Rxf2 33. Ne6+ Bxe6 34. fxe6
Qe3 35. Kh1 Qf3+ 36. Qxf3 Rxf3 37. Bg6 Rf2 38. Rb1 Rb2 39. Rc1 c3 40. g4 Rf2
41. f5 Be5 42. h4 Kg7 0-1

[Event "I Torneo Internazionale"]
[Site "Montecatini Terme ITA"]
[Date "1998.01.??"]
[Round "1"]
[White "Botsari, Anna-Maria"]
[Black "Efimov, Igor"]
[Result "0-1"]
[WhiteElo "2325"]
[BlackElo "2525"]
[PlyCount "81"]
[EventDate "1998.01.24"]

1. d4 Nf6 2. c4 e6 3. Nc3 Bb4 4. g3 c5 5. Nf3 b6 6. Bg2 Bb7 7. O-O cxd4 8. Qxd4
Nc6 9. Qd3 Rc8 10. Bg5 Na5 11. Rac1 Rxc4 12. Nd2 Bxg2 13. Kxg2 Rc6 14. Nce4 Be7
15. Rxc6 dxc6 16. Qxd8+ Kxd8 17. b4 Nb7 18. Rd1 Kc8 19. Rc1 Nxe4 20. Nxe4 f6
21. Be3 Kd7 22. Rc4 Rc8 23. Nc3 Nd6 24. Rg4 g5 25. Rd4 e5 26. Rd1 Ke6 27. Bc1
Nc4 28. a3 Rd8 29. Rd3 Rd4 30. f3 b5 31. g4 a5 32. bxa5 Nxa5 33. Ne4 Nc4 34.
Rc3 Rd1 35. Nf2 Re1 36. e4 Re2 37. Kf1 Ra2 38. Nd3 Bxa3 39. Bxa3 Rxa3 40. Nc5+
Kd6 41. Nb7+ 0-1

[Event "I Torneo Internazionale"]
[Site "Montecatini Terme ITA"]
[Date "1998.01.??"]
[Round "1"]
[White "Caposciutti, Maurizio"]
[Black "Miladinovic, Igor"]
[Result "0-1"]
[WhiteElo "2310"]
[BlackElo "2565"]
[PlyCount "56"]
[EventDate "1998.01.24"]

1. Nf3 d5 2. c4 d4 3. g3 g6 4. Bg2 Bg7 5. d3 e5 6. Na3 Ne7 7. Nc2 a5 8. O-O O-O
9. b3 Na6 10. Rb1 c6 11. e3 dxe3 12. fxe3 Nb4 13. Nxb4 axb4 14. d4 exd4 15.
exd4 Bg4 16. Bg5 Rxa2 17. Qe1 f6 18. Bd2 Re8 19. Ra1 Rxa1 20. Qxa1 f5 21. Kh1
Bxf3 22. Bxf3 Bxd4 23. Qc1 Bc5 24. Be3 Bxe3 25. Qxe3 Nc8 26. Qf4 Qd6 27. Qxd6
Nxd6 28. Rd1 Nf7 0-1

[Event "I Torneo Internazionale"]
[Site "Montecatini Terme ITA"]
[Date "1998.01.??"]
[Round "1"]
[White "Drei, Andrea"]
[Black "Boschetti, Claudio"]
[Result "1-0"]
[WhiteElo "2320"]
[BlackElo "2150"]
[PlyCount "77"]
[EventDate "1998.01.24"]

1. e4 e5 2. Nf3 Nc6 3. Bb5 a6 4. Ba4 Nf6 5. O-O Be7 6. Re1 b5 7. Bb3 O-O 8. a4
Bb7 9. Nc3 b4 10. Nd5 Na5 11. c3 Nxb3 12. Qxb3 Bxd5 13. exd5 bxc3 14. dxc3 d6
15. Qc4 h6 16. b4 Qd7 17. Bd2 Rfc8 18. b5 axb5 19. axb5 Rab8 20. Reb1 Rb7 21.
Qc6 Qxc6 22. dxc6 Rbb8 23. Ra7 e4 24. Nd4 d5 25. Bf4 Ne8 26. b6 Bc5 27. Rb7 Ra8
28. bxc7 Kh7 29. g4 Bd6 30. Bxd6 Nxd6 31. Rb8 Ra7 32. Nb5 Rcxc7 33. Nxa7 Rxa7
34. Rd8 Nc4 35. Rxd5 Rc7 36. Rc5 Nd2 37. Rb7 Rc8 38. c7 Nf3+ 39. Kg2 1-0

[Event "I Torneo Internazionale"]
[Site "Montecatini Terme ITA"]
[Date "1998.01.??"]
[Round "2"]
[White "Boschetti, Claudio"]
[Black "Caposciutti, Maurizio"]
[Result "0-1"]
[WhiteElo "2150"]
[BlackElo "2310"]
[PlyCount "110"]
[EventDate "1998.01.24"]

1. e4 c5 2. c3 e5 3. d4 cxd4 4. cxd4 exd4 5. Nf3 Nc6 6. Bc4 Bc5 7. O-O d6 8. b4
Bb6 9. Qb3 Qe7 10. Bb2 Nf6 11. Nbd2 O-O 12. a4 a6 13. Rae1 Bg4 14. Bd5 Bxf3 15.
Nxf3 Nxd5 16. exd5 Ne5 17. Nxd4 Qf6 18. Re4 Rac8 19. Nf3 Qf5 20. Nxe5 Qxe4 21.
Nd7 Qc2 22. Qa3 Ba7 23. Nxf8 Rxf8 24. Qc3 Qxc3 25. Bxc3 Rc8 26. Bd2 h6 27. Bf4
g5 28. Bxd6 Rd8 29. Be5 Rxd5 30. Bc3 Rf5 31. h3 Kh7 32. g3 Rf3 33. Bd2 Rxg3+
34. Kh2 Rd3 35. Be1 Kg6 36. Kg2 Kf5 37. f3 Ra3 38. a5 Ra2+ 39. Kh1 Be3 40. Bg3
Bf4 41. Bf2 Rb2 42. h4 Rxb4 43. hxg5 hxg5 44. Re1 Rb2 45. Bb6 Be5 46. Re4 f6
47. Rc4 Rh2+ 48. Kg1 Rh4 49. Rc5 Ra4 50. Rd5 Ra3 51. Rd7 Kf4 52. Kg2 Rxf3 53.
Rxb7 Rg3+ 54. Kf2 Ra3 55. Ke2 Ke4 0-1

[Event "I Torneo Internazionale"]
[Site "Montecatini Terme ITA"]
[Date "1998.01.??"]
[Round "2"]
[White "Efimov, Igor"]
[Black "Drei, Andrea"]
[Result "1-0"]
[WhiteElo "2525"]
[BlackElo "2320"]
[PlyCount "47"]
[EventDate "1998.01.24"]

1. d4 Nf6 2. c4 e6 3. Nc3 Bb4 4. e3 c5 5. Nge2 cxd4 6. exd4 O-O 7. a3 Be7 8. g3
d5 9. c5 Nc6 10. Bg2 e5 11. dxe5 Nxe5 12. Bf4 Ng6 13. Be3 Ng4 14. Bd4 Be6 15.
O-O Qd7 16. b4 Rfd8 17. Qb3 N4e5 18. Rad1 Nc4 19. f4 Qc8 20. f5 Bxf5 21. Nxd5
b5 22. cxb6 axb6 23. Nxe7+ Nxe7 24. Bxa8 1-0

[Event "I Torneo Internazionale"]
[Site "Montecatini Terme ITA"]
[Date "1998.01.??"]
[Round "2"]
[White "Iotti, Pierluigi"]
[Black "Wagman, Stuart"]
[Result "1/2-1/2"]
[WhiteElo "2325"]
[BlackElo "2180"]
[PlyCount "82"]
[EventDate "1998.01.24"]

1. d4 d5 2. Nf3 Nf6 3. e3 Bf5 4. c4 c6 5. Nc3 e6 6. Be2 Nbd7 7. Nh4 Bg6 8. Nxg6
hxg6 9. Qc2 Qc7 10. h3 Be7 11. Bd2 O-O 12. O-O Rfe8 13. Rfd1 Rad8 14. Rac1 Qb8
15. g3 Nf8 16. Be1 N8h7 17. h4 g5 18. hxg5 Nxg5 19. Kg2 g6 20. Bd3 Kg7 21. f4
Rh8 22. Qe2 Nge4 23. Bxe4 Nxe4 24. Nxe4 dxe4 25. Bc3 Qc8 26. Rh1 f5 27. g4 Kf7
28. g5 Rxh1 29. Rxh1 Rh8 30. Qe1 Rxh1 31. Qxh1 Qg8 32. a4 Bf8 33. Qd1 Bg7 34.
Qb3 b6 35. a5 Qh7 36. d5 Qh5 37. dxe6+ Ke8 38. Bxg7 Qe2+ 39. Kg1 Qe1+ 40. Kg2
Qe2+ 41. Kg1 Qe1+ 1/2-1/2

[Event "I Torneo Internazionale"]
[Site "Montecatini Terme ITA"]
[Date "1998.01.??"]
[Round "2"]
[White "Vezzosi, Paolo"]
[Black "Botsari, Anna-Maria"]
[Result "1/2-1/2"]
[WhiteElo "2275"]
[BlackElo "2325"]
[PlyCount "81"]
[EventDate "1998.01.24"]

1. d4 d5 2. c4 Nc6 3. Nf3 Bg4 4. cxd5 Bxf3 5. gxf3 Qxd5 6. e3 e5 7. Nc3 Bb4 8.
Bd2 Bxc3 9. bxc3 Qd6 10. Rb1 O-O-O 11. Bg2 Nge7 12. O-O b6 13. Kh1 Kb8 14. Qa4
f5 15. f4 exf4 16. c4 Qd7 17. Rb3 h5 18. Ra3 Rh6 19. d5 Na5 20. Qxd7 Rxd7 21.
Bxa5 bxa5 22. Rxa5 fxe3 23. fxe3 Rdd6 24. c5 Ra6 25. Rb5+ Kc8 26. Rf2 Rhf6 27.
e4 c6 28. dxc6 Nxc6 29. exf5 Kc7 30. Kg1 Ra4 31. Bd5 Rd4 32. Bb3 Rg4+ 33. Kf1
Nd4 34. Ra5 a6 35. Bc4 Nc6 36. Ra4 Ne5 37. Bb3 Rxa4 38. Bxa4 Nd3 39. Rf3 Nxc5
40. Be8 Ne6 41. Bxh5 1/2-1/2

[Event "I Torneo Internazionale"]
[Site "Montecatini Terme ITA"]
[Date "1998.01.??"]
[Round "3"]
[White "Beggi, Pierluigi"]
[Black "Boschetti, Claudio"]
[Result "0-1"]
[WhiteElo "2205"]
[BlackElo "2150"]
[PlyCount "86"]
[EventDate "1998.01.24"]

1. d4 Nf6 2. c4 e5 3. Nc3 exd4 4. Qxd4 Nc6 5. Qd2 Bb4 6. f3 d5 7. cxd5 Nxd5 8.
e4 Nxc3 9. bxc3 Qf6 10. Bb2 Bd6 11. Bb5 Bd7 12. Ne2 O-O-O 13. O-O-O Ne5 14.
Bxd7+ Rxd7 15. Qd4 Nd3+ 16. Kc2 Qxd4 17. cxd4 Nf2 18. e5 Bb4 19. a3 Ba5 20.
Rhf1 Nxd1 21. Rxd1 Rhd8 22. Ng3 c5 23. Nf5 cxd4 24. Nd6+ Kb8 25. Rxd4 Bc7 26.
Rg4 Bxd6 27. exd6 f6 28. a4 Rc8+ 29. Kb3 Rxd6 30. Rxg7 Rb6+ 31. Ka3 Rd8 32. Bc1
Rd3+ 33. Ka2 Rd4 34. Ka3 h5 35. g3 Rd3+ 36. Ka2 Rxf3 37. h4 Rb4 38. Rh7 Rxg3
39. Rxh5 Re4 40. Rf5 Re2+ 41. Kb1 Rb3+ 42. Ka1 Rh3 43. Rc5 Rxh4 0-1

[Event "I Torneo Internazionale"]
[Site "Montecatini Terme ITA"]
[Date "1998.01.??"]
[Round "3"]
[White "Botsari, Anna-Maria"]
[Black "Iotti, Pierluigi"]
[Result "1/2-1/2"]
[WhiteElo "2325"]
[BlackElo "2325"]
[PlyCount "40"]
[EventDate "1998.01.24"]

1. d4 Nf6 2. c4 e6 3. Nc3 Bb4 4. Qc2 c5 5. dxc5 O-O 6. Nf3 Na6 7. a3 Bxc3+ 8.
Qxc3 Nxc5 9. b4 Nce4 10. Qd4 b6 11. e3 Bb7 12. Bb2 Qe7 13. Be2 Rfd8 14. O-O d5
15. Qe5 a5 16. Bd4 dxc4 17. Bxb6 Rd5 18. Qb2 Rb5 19. Bd4 Bd5 20. Ne5 axb4
1/2-1/2

[Event "I Torneo Internazionale"]
[Site "Montecatini Terme ITA"]
[Date "1998.01.??"]
[Round "3"]
[White "Genocchio, Daniele"]
[Black "Miladinovic, Igor"]
[Result "0-1"]
[WhiteElo "2155"]
[BlackElo "2565"]
[PlyCount "54"]
[EventDate "1998.01.24"]

1. e4 c5 2. c3 Nf6 3. e5 Nd5 4. Bc4 Nb6 5. Bb3 c4 6. Bc2 Nc6 7. Nf3 d6 8. exd6
Qxd6 9. d4 cxd3 10. Qxd3 Qxd3 11. Bxd3 e5 12. O-O f6 13. b3 Be6 14. Na3 O-O-O
15. Be4 Nd5 16. Nb1 g5 17. c4 Ndb4 18. Nc3 h6 19. a3 Nd3 20. Be3 f5 21. Bxc6
bxc6 22. Bxa7 Bg7 23. Bb6 e4 24. Bxd8 Rxd8 25. Nd2 Bxc3 26. Ra2 Bd4 27. Nb1 Nc5
0-1

[Event "I Torneo Internazionale"]
[Site "Montecatini Terme ITA"]
[Date "1998.01.??"]
[Round "4"]
[White "Boschetti, Claudio"]
[Black "Genocchio, Daniele"]
[Result "0-1"]
[WhiteElo "2150"]
[BlackElo "2155"]
[PlyCount "104"]
[EventDate "1998.01.24"]

1. e4 c5 2. c3 e5 3. Nf3 Nc6 4. Bc4 Qc7 5. O-O Be7 6. d3 Nf6 7. a4 O-O 8. Re1
d6 9. Nbd2 Be6 10. Nf1 d5 11. exd5 Nxd5 12. Ng3 Rfe8 13. Bd2 Rad8 14. Qe2 f6
15. d4 Bd6 16. Rad1 Kh8 17. dxc5 Bxc5 18. Qe4 Qb6 19. Rf1 a5 20. Bc1 Nce7 21.
Bd3 f5 22. Qxe5 Ng6 23. Qe2 Ndf4 24. Bxf4 Nxf4 25. Qe5 Nxd3 26. Rxd3 Rxd3 27.
Nxf5 Rg8 28. Ng5 Rd5 29. Nh6 Rf8 30. Qxe6 Qxe6 31. Nxe6 gxh6 32. Nxf8 Bxf8 33.
f3 Rd2 34. Rb1 Bc5+ 35. Kh1 b6 36. g3 Be3 37. Re1 Bc5 38. Rb1 Be3 39. Re1 Bc5
40. Rb1 Be7 41. Re1 Bf8 42. Rb1 Kg8 43. Kg1 Kf7 44. Kh1 h5 45. Kg1 Rc2 46. Kh1
Bd6 47. f4 h4 48. gxh4 Bxf4 49. Rf1 Rc1 50. Rxc1 Bxc1 51. b4 Ke6 52. bxa5 bxa5
0-1

[Event "I Torneo Internazionale"]
[Site "Montecatini Terme ITA"]
[Date "1998.01.??"]
[Round "4"]
[White "Efimov, Igor"]
[Black "Beggi, Pierluigi"]
[Result "1-0"]
[WhiteElo "2525"]
[BlackElo "2205"]
[PlyCount "59"]
[EventDate "1998.01.24"]

1. e4 c5 2. Nf3 e6 3. d4 cxd4 4. Nxd4 a6 5. Nc3 Nc6 6. Be2 d6 7. O-O Be7 8. Be3
Nf6 9. f4 Qc7 10. Qe1 e5 11. fxe5 dxe5 12. Qg3 Nxd4 13. Bxd4 Bc5 14. Bxc5 Qxc5+
15. Kh1 Kf8 16. Nd5 Nxe4 17. Qxe5 Nf6 18. Rad1 Be6 19. b4 Qc6 20. Nxf6 gxf6 21.
Qxf6 Rg8 22. Bf3 Qc8 23. Bd5 Rg6 24. Qh8+ Ke7 25. Qxh7 Qg8 26. Qh4+ Kf8 27. Be4
Rg4 28. Rd8+ Rxd8 29. Qxd8+ Kg7 30. Qf6+ 1-0

[Event "I Torneo Internazionale"]
[Site "Montecatini Terme ITA"]
[Date "1998.01.??"]
[Round "4"]
[White "Iotti, Pierluigi"]
[Black "Drei, Andrea"]
[Result "0-1"]
[WhiteElo "2325"]
[BlackElo "2320"]
[PlyCount "88"]
[EventDate "1998.01.24"]

1. d4 Nf6 2. c4 e6 3. Nc3 Bb4 4. Qc2 O-O 5. a3 Bxc3+ 6. Qxc3 b6 7. Nf3 Bb7 8.
g3 d6 9. Bg2 Nbd7 10. O-O Qe7 11. b4 a5 12. Bb2 Ne4 13. Qb3 f5 14. e3 Ndf6 15.
Rad1 axb4 16. axb4 b5 17. Ra1 bxc4 18. Qxc4 Qd7 19. h3 Nd5 20. Rfc1 Ra4 21.
Rxa4 Qxa4 22. Ra1 Qxb4 23. Qc2 Ra8 24. Rxa8+ Bxa8 25. g4 g6 26. gxf5 gxf5 27.
Bf1 Qb6 28. Ne1 Bc6 29. Bc4 Kf7 30. Qe2 Nef6 31. Nd3 Qb8 32. Kh2 Qg8 33. Ne1
Qg5 34. Qc2 Ne7 35. Bf1 Qh4 36. Kg1 Qg5+ 37. Kh2 Qh4 38. Kg1 Ne4 39. Bg2 Bd5
40. Nf3 Qh5 41. Qxc7 Ng5 42. Ne5+ dxe5 43. Ba3 Nf3+ 44. Bxf3 Qg5+ 0-1

[Event "I Torneo Internazionale"]
[Site "Montecatini Terme ITA"]
[Date "1998.01.??"]
[Round "4"]
[White "Vezzosi, Paolo"]
[Black "Caposciutti, Maurizio"]
[Result "1-0"]
[WhiteElo "2275"]
[BlackElo "2310"]
[PlyCount "97"]
[EventDate "1998.01.24"]

1. e4 c5 2. Nf3 Nc6 3. d4 cxd4 4. Nxd4 Nf6 5. Nc3 d6 6. Bg5 Qb6 7. Nb3 e6 8.
Qd2 a6 9. Bd3 Be7 10. O-O-O Qc7 11. f4 O-O 12. h4 b5 13. h5 b4 14. Ne2 a5 15.
h6 g6 16. Nbd4 Nxd4 17. Nxd4 Bb7 18. Rhe1 Qb6 19. Nb5 Ba6 20. Nxd6 Qxd6 21. e5
Qd5 22. Kb1 Bxd3 23. cxd3 Bc5 24. Bxf6 Bd4 25. Re4 Rfc8 26. Rc1 Kf8 27. g4 Ke8
28. Qd1 Rxc1+ 29. Qxc1 Kd7 30. Qc4 Qxc4 31. dxc4 Bc5 32. Kc2 Kc6 33. f5 a4 34.
fxg6 fxg6 35. Rf4 Ra7 36. Bg7 Rb7 37. b3 axb3+ 38. axb3 Ra7 39. Rf6 Ra2+ 40.
Kd3 Kd7 41. Bf8 Bxf8 42. Rxf8 Rb2 43. Rf7+ Kc6 44. Rxh7 Rxb3+ 45. Kc2 Rc3+ 46.
Kb2 Rxc4 47. Rh8 Kb7 48. h7 Rc7 49. Rb8+ 1-0

[Event "I Torneo Internazionale"]
[Site "Montecatini Terme ITA"]
[Date "1998.01.??"]
[Round "4"]
[White "Wagman, Stuart"]
[Black "Botsari, Anna-Maria"]
[Result "1/2-1/2"]
[WhiteElo "2180"]
[BlackElo "2325"]
[PlyCount "52"]
[EventDate "1998.01.24"]

1. e4 c5 2. Nf3 Nc6 3. d4 cxd4 4. Nxd4 Qc7 5. Nc3 e6 6. g3 a6 7. Bg2 Nf6 8. O-O
Bc5 9. Nxc6 dxc6 10. Na4 Ba7 11. c4 Nd7 12. b3 e5 13. Qg4 g6 14. Bh6 Bd4 15.
Rac1 b5 16. cxb5 axb5 17. Nc3 Qd6 18. Qh4 Qe7 19. Qxe7+ Kxe7 20. Ne2 c5 21.
Nxd4 exd4 22. e5 Rxa2 23. Bg5+ Ke6 24. Rfe1 Re8 25. Bh3+ Kd5 26. Bg2+ Ke6
1/2-1/2

[Event "I Torneo Internazionale"]
[Site "Montecatini Terme ITA"]
[Date "1998.01.??"]
[Round "5"]
[White "Beggi, Pierluigi"]
[Black "Vezzosi, Paolo"]
[Result "0-1"]
[WhiteElo "2205"]
[BlackElo "2275"]
[PlyCount "60"]
[EventDate "1998.01.24"]

1. d4 Nf6 2. Nf3 e6 3. e3 c5 4. Bd3 b6 5. O-O Be7 6. Qe2 Nc6 7. a3 Bb7 8. b3
cxd4 9. exd4 O-O 10. c4 d5 11. Bb2 Rc8 12. Nbd2 Rc7 13. Rac1 Qa8 14. Bb1 Rfc8
15. Ne5 Nxe5 16. dxe5 Nd7 17. Qg4 g6 18. h4 dxc4 19. bxc4 h5 20. Qg3 Nf8 21.
Qh3 Rd8 22. Rcd1 Rcd7 23. Bc3 Bxa3 24. g4 Bf3 25. gxh5 Bxh5 26. f3 Bc5+ 27. Kh2
Be3 28. Qg2 Bf4+ 29. Kh3 Qc6 30. Rde1 Bxd2 0-1